000 00693nmc a2200265 a 4500
003 AR-BaBNM
005 20251128205810.0
008 178019s1987 ||||||||||||||000 | spa||
020 _a84-85729-60-9
040 _cAR-BaBNM
100 1 _aForner, A.
245 1 0 _aLa comunicación no verbal
_bactividades para la escuela
250 _a1ª ed.
260 _aBarcelona
_bGrao
_c1987
300 0 _a55 p.
_bil.
490 0 _aBiblioteca del maestro
504 _aBibliografía: p. 53-55
600 1 4 _aKnapp, Mark L.
650 4 _aACTIVIDADES ESCOLARES
650 4 _aPSICOSOCIOLOGIA
653 0 _aLENGUAJE NO VERBAL
653 0 _aEXPRESION CORPORAL
942 _cBK
998 _carturo
999 _c12849
_d12849